书目信息 |
| 题名: |
细胞工程
|
|
| 作者: | 安利国 , 杨桂文 主编 | |
| 分册: | ||
| 出版信息: | 北京 科学出版社 2016.03 |
|
| 页数: | 237页 | |
| 开本: | 30cm | |
| 丛书名: | ||
| 单 册: | ||
| 中图分类: | Q813 | |
| 科图分类: | ||
| 主题词: | 细胞工程--高等教育--教材 | |
| 电子资源: | ||
| ISBN: | 978-7-03-046984-7 | |
| 000 | 00912nam0 2200277 450 | |
| 001 | 4371 | |
| 005 | 20181011142036.10 | |
| 010 | @a978-7-03-046984-7@dCNY45.00 | |
| 100 | @a20161019d2016 em y0chiy50 ea | |
| 101 | 0 | @achi |
| 102 | @aCN@b110000 | |
| 105 | @aa z 000yy | |
| 200 | 1 | @a细胞工程@9xi bao gong cheng@f安利国,杨桂文主编 |
| 205 | @a3版 | |
| 210 | @a北京@c科学出版社@d2016.03 | |
| 215 | @a237页@c图@d30cm | |
| 300 | @a“十二五”普通高等教育本科国家级规划教材 | |
| 312 | @a封面英文题名:Cell engineering | |
| 330 | @a本书主要介绍细胞工程的理论与技术,内容分为三篇:第一篇介绍细胞工程的技术基础,第二篇介绍动物细胞工程,第三篇介绍植物细胞工程。 | |
| 510 | 1 | @aCell engineering@zeng |
| 606 | 0 | @a细胞工程@x高等教育@j教材 |
| 690 | @aQ813@v5 | |
| 701 | 0 | @a安利国@9an li guo@4主编 |
| 701 | 0 | @a杨桂文@9yang gui wen@4主编 |
| 801 | 0 | @aCN@b91MARC@c20161019 |
| 905 | @aMuseLib@dQ813@e231=3 | |
| 细胞工程/安利国,杨桂文主编.-3版.-北京:科学出版社,2016.03 |
| 237页:图;30cm |
| “十二五”普通高等教育本科国家级规划教材 |
| ISBN 978-7-03-046984-7:CNY45.00 |
| 本书主要介绍细胞工程的理论与技术,内容分为三篇:第一篇介绍细胞工程的技术基础,第二篇介绍动物细胞工程,第三篇介绍植物细胞工程。 |
| ● |
| 相关链接 |
|
|
|
|
正题名:细胞工程
索取号:Q813/231=3
 
预约/预借
| 序号 | 登录号 | 条形码 | 馆藏地/架位号 | 状态 | 备注 |
| 1 | 1124845 | 211248452 | 第二样本阅览室/ [索取号:Q813/231=3] | 在馆 | |
| 2 | 1124846 | 211248461 | 第三借阅区/ [索取号:Q813/231=3] | 在馆 | |
| 3 | 1124847 | 211248470 | 第三借阅区/ [索取号:Q813/231=3] | 在馆 | |
| 4 | 1124848 | 211248489 | 密集书库-生命科学系/ [索取号:Q813/231=3] | 在馆 |